Adivina la palabra- Muerte súbita - Estadísticas

Estadísticas generales
  • Esta prueba ha sido intentada 232 veces
  • La puntuación promedio es 2 de 8
Estadísticas de respuestas
Respuesta % Correcto
82%
77%
14%
5%
5%
5%
0%
0%
No se encontraron pruebas coincidentes
Distribución de puntuación
Porcentaje de gente con cada puntuación
Porcentaje por número respondido
Historial de tus puntuaciones
No has intentado esta prueba.